Comparative study between pethidine and diclofenac as post-operative analgesia after caesarean section /
Saved in:
| Main Author: | |
|---|---|
| Format: | Thesis |
| Language: | English |
| Published: |
Pulau Pinang :
Universiti Sains Malaysia,
2005
|
| Subjects: | |
| Online Access: | Click here to view 1st 24 pages of the thesis. Members can view fulltext at the specified PCs in the library. |
| Tags: |
Add Tag
No Tags, Be the first to tag this record!
|
| LEADER | 020630000a22003850004500 | ||
|---|---|---|---|
| 001 | 351674 | ||
| 005 | 20230419100310.0 | ||
| 008 | 060515t2005 my a f m 000 0 eng d | ||
| 035 | |a (Sirsi) 351674 | ||
| 040 | |a UIAM |b eng |e rda | ||
| 050 | 0 | |a RG761 | |
| 100 | 0 | |a Noraziana Abd Wahab, |e author |9 87264 | |
| 245 | 1 | 0 | |a Comparative study between pethidine and diclofenac as post-operative analgesia after caesarean section / |c by Dr Norziana Abd Wahab |
| 264 | 1 | |a Pulau Pinang : |b Universiti Sains Malaysia, |c 2005 | |
| 300 | |a xiii, 60 leaves : |b illustrations ; |c 30 cm. | ||
| 336 | |2 rdacontent |a text | ||
| 337 | |2 rdamedia |a unmediated | ||
| 338 | |2 rdacarrier |a volume | ||
| 500 | |a Abstracts in English and Malay. | ||
| 500 | |a "Dissertation submitted in partial fulfilment of the requirement for the Degree of Master of Medicine (Obsterics and Gynaecology)."--On title page. | ||
| 502 | |a Thesis (M.Med (O & G)--Universiti Sains Malaysia, 2005 | ||
| 504 | |a Includes bibliographical references (leaves 47-59). | ||
| 530 | |a Also available on 3 1/2 in. computer disk-converted into 4 3/4 computer optical disc. | ||
| 650 | 0 | |a Cesarean section |9 87265 | |
| 650 | 0 | |a Postoperative pain |9 87266 | |
| 650 | 0 | |a Diclofenac |9 87267 | |
| 655 | 0 | 7 | |a Theses, non-IIUM |
| 710 | 2 | |a Universiti Sains Malaysia |9 29110 | |
| 730 | 0 | |a Comparative study between pethidine and diclofenac as post-operative analgesia after caesarean section. (Computer file) |9 87268 | |
| 856 | 4 | |u https://lib.iium.edu.my/mom/services/mom/document/getFile/p0OUeFr4aolf6JvjhEo9GVlH8j6RyaPk20090107104931093 |z Click here to view 1st 24 pages of the thesis. Members can view fulltext at the specified PCs in the library. | |
| 900 | |a hj-a jt | ||
| 942 | |2 lcc |n 0 | ||
| 999 | |c 433635 |d 465002 | ||
| 952 | |0 0 |6 T RG 000761 N822C 2005 |7 0 |8 THESES |9 755147 |a KIMC |b KIMC |c CLOSEACCES |g 0.00 |o t RG 761 N822C 2005 |p 00001048111 |r 2019-09-04 |t 1 |v 0.00 |y THESIS | ||
| 952 | |0 0 |6 TS CDF RG761N822C 2005 |7 0 |8 THESES |9 823647 |a IIUM |b IIUM |c MULTIMEDIA |g 0.00 |o ts cdf RG761N822C 2005 |p 11100326709 |r 2017-10-26 |t 1 |v 0.00 |y THESISDIG | ||
